000 00453nam a2200193Ia 4500
005 20240823022717.0
008 240823s9999||||xx |||||||||||||| ||und||
020 _a81-7809-259-X
041 _aENGLISH
082 _A158.1 P4
100 _a"Douglas,Mack R"
245 0 _aHow to make a Habit of Succeeding
250 _a1st
260 _c2004
_b"Magna,M"
_aMumbai
500 _aYES
650 _aSuccess
_bGeneral
942 _cBK
999 _c179818
_d179818